انسان (Record no. 353437)
[ view plain ]
| 000 -LEADER | |
|---|---|
| fixed length control field | 00643nam a22002297a 4500 |
| 003 - CONTROL NUMBER IDENTIFIER | |
| control field | OSt |
| 005 - DATE AND TIME OF LATEST TRANSACTION | |
| control field | 20180116192407.0 |
| 008 - FIXED-LENGTH DATA ELEMENTS--GENERAL INFORMATION | |
| fixed length control field | 111129t xxu||||| |||| 00| 0 eng d |
| 040 ## - CATALOGING SOURCE | |
| Transcribing agency | 0 |
| 082 ## - DEWEY DECIMAL CLASSIFICATION NUMBER | |
| Classification number | 891.4391 |
| Author Mark | AAL |
| 100 ## - MAIN ENTRY--PERSONAL NAME | |
| Personal name | Aali, Jamil Ud Din |
| 9 (RLIN) | 218 |
| 245 ## - TITLE STATEMENT | |
| Title | انسان |
| Statement of responsibility, etc. | جمیل الدین عالی |
| 246 ## - VARYING FORM OF TITLE | |
| Title proper/short title | Insaan |
| 260 ## - PUBLICATION, DISTRIBUTION, ETC. | |
| Place of publication, distribution, etc. | Karachi: |
| Name of publisher, distributor, etc. | Maktaba Humzuban, |
| Date of publication, distribution, etc. | 2007. |
| 300 ## - PHYSICAL DESCRIPTION | |
| Extent | 544 |
| Dimensions | 14cm |
| 546 ## - LANGUAGE NOTE | |
| Language note | Urdu |
| 600 ## - SUBJECT ADDED ENTRY--PERSONAL NAME | |
| Personal name | عا لی,جمیل الدین |
| Form subdivision | شآعری |
| 9 (RLIN) | 219 |
| 650 ## - SUBJECT ADDED ENTRY--TOPICAL TERM | |
| Topical term or geographic name entry element | Urdu Litrature |
| Form subdivision | Poetry |
| 9 (RLIN) | 220 |
| 650 ## - SUBJECT ADDED ENTRY--TOPICAL TERM | |
| Topical term or geographic name entry element | اردو |
| Form subdivision | شآعری |
| 9 (RLIN) | 221 |
| 700 ## - ADDED ENTRY--PERSONAL NAME | |
| Personal name | عا لی,جمیل الدین |
| 9 (RLIN) | 222 |
| 942 ## - ADDED ENTRY ELEMENTS (KOHA) | |
| Source of classification or shelving scheme | |
| Koha item type | Book |
| Withdrawn status | Lost status | Source of classification or shelving scheme | Damaged status | Not for loan | Permanent Location | Current Location | Date acquired | Source of acquisition | Total Checkouts | Total Renewals | Full call number | Barcode | Date last seen | Date last checked out | Copy number | Price effective from | Koha item type |
|---|---|---|---|---|---|---|---|---|---|---|---|---|---|---|---|---|---|
| School of Art Design and Architecture (SADA) | School of Art Design and Architecture (SADA) | 08/11/2011 | Donation | 2 | 3 | 891.4391 AAL 2007 | SADAD0000025 | 04/09/2012 | 03/13/2012 | 02 | 11/29/2011 | Book | |||||
| School of Art Design and Architecture (SADA) | School of Art Design and Architecture (SADA) | 08/11/2011 | Donation | 4 | 1 | 891.4391 AAL 2007 | SADAD0000024 | 11/25/2015 | 11/10/2015 | 01 | 11/29/2011 | Book | |||||
| School of Art Design and Architecture (SADA) | School of Art Design and Architecture (SADA) | 02/10/2020 | Donation | 891.4391 AAL 2007 | SADAD0000439 | 02/27/2024 | 03 | 02/27/2024 | Book |
